भारत सम्राटसमुद्रगुप्त (Record no. 323303)

MARC details
000 -LEADER
fixed length control field 00591nam a2200169Ia 4500
008 - FIXED-LENGTH DATA ELEMENTS--GENERAL INFORMATION
fixed length control field 090711s9999 xx 000 0 und d
082 ## - DEWEY DECIMAL CLASSIFICATION NUMBER
Item number 60796
100 ## - MAIN ENTRY--PERSONAL NAME
Personal name धूमकेतू
245 ## - TITLE STATEMENT
Title भारत सम्राटसमुद्रगुप्त
260 ## - PUBLICATION, DISTRIBUTION, ETC. (IMPRINT)
Date of publication, distribution, etc 1969
600 ## - SUBJECT ADDED ENTRY--PERSONAL NAME
Personal name धूमकेतू
630 ## - SUBJECT ADDED ENTRY--UNIFORM TITLE
Uniform title भारत सम्राटसमुद्रगुप्त
700 ## - ADDED ENTRY--PERSONAL NAME
Personal name धर्माधिकारी भाऊ
700 ## - ADDED ENTRY--PERSONAL NAME
Personal name धूमकेतू
730 ## - ADDED ENTRY--UNIFORM TITLE
Uniform title भारत सम्राटसमुद्रगुप्त
942 ## - ADDED ENTRY ELEMENTS (KOHA)
Koha item type Book

No items available.